[Event "North Idaho Championship"]
[Site "Coeur d'Alene, ID"]
[Date "2022.07.09"]
[Round "2"]
[White "Cambareri, Michael"]
[Black "Kircher, Caleb"]
[Result "0-1"]
[WhiteElo "2024"]
[BlackElo "1764"]
[Annotator "Ralph Dubisch"]
[PlyCount "118"]
[EventDate "2022.07.09"]
[EventType "swiss"]
[EventRounds "5"]
[EventCountry "USA"]

1. f4 d5 2. Nf3 Nf6 3. e3 g6 4. d4 Bg4 5. Bd3 Bg7 6. O-O O-O 7. b3 $6 {White
voluntarily weakens the long diagonal.} Ne4 (7... c5 $5 {seems more
enterprising.}) 8. Nbd2 f5 9. Bb2 Nd7 10. Qe1 Bxf3 11. Nxf3 e6 12. Ne5 (12. c4
$14) 12... Nxe5 13. fxe5 (13. dxe5) 13... Qg5 14. Rf3 Rf7 15. c4 c6 16. Rc1 Re8
17. cxd5 exd5 18. Ba3 Bf8 19. Bxf8 Rexf8 20. Qe2 (20. Bxe4 dxe4 (20... fxe4 21.
Rxf7 Rxf7 22. Rc3 $14) 21. Rf4 $14) 20... Qg4 21. Rcf1 $2 ({This ends up
misplacing the rook from f3.} 21. Rff1 Qxe2 22. Bxe2 $13 {looks balanced.})
21... Ng5 22. Rg3 Qxe2 23. Bxe2 Ne4 (23... Ne6 $1) 24. Rh3 Ng5 25. Rh4 Ne6 26.
b4 $2 (26. g3 $5 $15) 26... h5 (26... f4 $1 27. Bg4 Nc7 $17) 27. Bd3 a6 $6 ({
One option for Black is ....a5/...Ra8 to open another front. Perhaps first} 
27... Kg7 {, guarding the g-pawn while hinting at ...f4 again (or even ...Kh6
to make the h4-rook nervous), followed by the queenside action if White finds
an adequate defense.}) 28. Rh3 $6 (28. a4 $13) 28... Kg7 $1 29. Rhf3 f4 $1 30.
exf4 $2 (30. Kf2 $1 $15) 30... Rxf4 31. Rxf4 Rxf4 32. Rxf4 Nxf4 33. Bc2 Ne2+
34. Kf2 Nxd4 $17 35. Bd3 Nf5 36. Kf3 Kf7 37. Kf4 Nd4 38. Kg5 $2 (38. a4 Ne6+
39. Ke3 {and Black will need to demonstrate good technique to convert the pawn
into a win.}) 38... Ne6+ 39. Kh6 Nf4 40. Bc2 Nxg2 $6 (40... d4 $1 41. Bb3+ Nd5
$19) 41. Bxg6+ Ke6 42. Bxh5 Kxe5 43. Kg5 d4 44. h4 d3 45. Bf3 Nxh4 $1 46. Kxh4
d2 $4 (46... Kf4 $1) 47. Kg3 Kd4 48. Kf2 Kc3 49. Bd1 $4 ({White holds now by
activating the king:} 49. Ke3 $1 Kxb4 (49... Kc2 50. Kd4 d1=Q+ (50... b6 51. a4
Kb3 52. a5 bxa5 53. bxa5 Kb4 54. Kd3) 51. Bxd1+ Kxd1 52. Kc5 Kc2 53. Kb6 Kc3
54. Kxb7 Kxb4 55. Kxc6 a5 56. Kd5 a4 57. Kd4 Ka3 58. Kc3 Kxa2 59. Kc2) 50. Kxd2
Ka3 51. Bg4 Kxa2 (51... b5 52. Be6) 52. Bc8) 49... Kxb4 50. Ke2 Kc3 51. Bb3 c5
52. Kd1 b5 53. Bc2 a5 $4 (53... c4 $19) 54. Be4 c4 55. Bc6 b4 56. Ba4 $4 ({
White misses a final chance based on some tricky pawn-down king-in-the-corner
endings that are unwinnable.} 56. Bd5 $1 a4 (56... Kd3 57. Bxc4+ $1 Kxc4 58.
Kxd2) (56... b3 57. a3 $1 b2 (57... a4 58. Bxc4 $1 Kxc4 59. Kxd2) 58. Be4 a4
59. Bb1 Kb3 60. Kxd2 c3+ 61. Kd3 Kxa3 62. Kxc3) 57. Bxc4 Kxc4 58. Kxd2 Kd5 59.
Kd1) 56... Kb2 57. Kxd2 Kxa2 58. Kc1 b3 59. Bb5 b2+ {0-} 0-1

[Event "Mid-Year Scholastic Cup 2022"]
[Site "Orlov Chess Academy, Redmond,"]
[Date "2022.06.12"]
[Round "5"]
[White "Razmov, Gabriel"]
[Black "Borate, Neel"]
[Result "1-0"]
[WhiteElo "1556"]
[BlackElo "1516"]
[Annotator "Gabriel Razmov"]
[PlyCount "93"]
[TimeControl "4500+15"]

1. e4 e5 2. Nf3 Nc6 3. Bc4 Bc5 4. c3 Nf6 5. b4 {My pet line. I like this
because it grabs extra queenside space with tempo. However, this comes at a
cost, since after 5...Bb6 6.d3, White's c3-pawn will be backward and will need
attention.} Bb6 6. d3 d6 7. O-O O-O 8. a4 a6 9. Nbd2 h6 10. Bb3 Ne7 {
Attempting to reorganize and perhaps begin a kingside attack later. Black can
play this move for another reason - to follow it up with ...c6 and ...d5.} 11.
Re1 Ng6 12. Nf1 Be6 13. Ba2 $6 (13. a5) 13... Qe7 $6 (13... d5 {was possible
and good, claiming space in the center.}) 14. Be3 Nd7 15. Ng3 {Completing the
defensive plan for White in response to Black's potentially aggressive
intentions, e.g., preventing ...f7-f5 for the time being.} Kh8 $6 {Is Black
preparing ...f7-f5 in some ways after all?} 16. a5 Ba7 $6 (16... Bxe3) 17. d4
$1 Nf6 18. d5 {Locks in White's light-squared bishop, turning it into a bad
bishop for the time being.} (18. Bb1 {instead saves the bishop from an
exchange and also forces Black's bishop to find a better square in the future,
while maintaining pawn tension in the center.}) 18... Bg4 19. h3 $6 {Although
this forces Black's bishop backwards (to d7), White does not want doubled
pawns on the e-file, even though that prevents a future ...Nf4 by Black. White
should instead have traded on a7 with a follow-up of 20.h3.} Bd7 20. Bb3 (20.
Bxa7) 20... Rfe8 $6 {It is unclear what that rook is going to do on the e-file
in the near future.} (20... Bxe3 21. Rxe3 (21. fxe3 Nh7 22. Nf5 Bxf5 23. exf5
Nh4 24. e4 g6 {⩱}) 21... Nf4) 21. Ba4 $6 (21. c4 Bxe3 22. Rxe3 (22. fxe3 Nh7
{This repeats the line from a move ago.}) 22... Nf4 {⩲}) 21... Bxa4 22. Rxa4
Qd7 23. Ra2 Nf4 24. Qd2 Bxe3 25. fxe3 Ng6 $6 (25... N4h5) 26. c4 $1 c6 27. Qd3
$6 {White now allows the c-file to open, which is unfavorable because Black
occupies it first.} (27. Rf1 $1 {The idea is that if} Rac8 28. Nh2 cxd5 {
there is the stunning positional exchange sacrifice} 29. Rxf6 $3 gxf6 30. cxd5
{after which White is much better due to the ruined Black kingside and the
superb outpost on f5! Play might continue} Rg8 31. Ng4 Nh4 32. Qf2 Rg6 33. Kh2
$1 Rc4 34. Rb2 $6 (34. Nh5 $1 f5 35. Ngf6) 34... f5 (34... Qd8 35. b5 Qxa5 $2
36. bxa6 Qxa6 37. Nh5) 35. exf5 Rgxg4 36. hxg4 Rxg4 37. Kh3 $1 Rc4 38. e4 {
with some kingside chances for White. Black is still on the edge and must find
only moves:} Ng6 $1 39. Nh5 $1 Nf4+ $1 40. Nxf4 exf4 41. Qxf4 Kh7 $1 42. Re2
Qb5 (42... Rxb4 {allows White quick infiltration on the g-file toward Black's
king.}) (42... Qd8 $2 {Here White also infiltrates on the g-file and has real
chances to win.} 43. f6 $1)) 27... Rad8 $6 {Overly defensive idea and also a
passive position for the Black rook.} (27... cxd5 28. cxd5 Rec8) 28. Rd1 cxd5
29. cxd5 Rc8 30. Rdd2 $2 {The beginning of a wrong plan, giving Black the
initiative on the queen-side.} (30. Nd2 Ne7 31. Nc4 Rc7 32. Rf1) 30... Rc7 31.
Rac2 $2 (31. Rdb2 Ne7 32. Nd2 Rec8 33. b5 {∞}) 31... Rec8 {⩱ Suddenly the
queen-side is in Black's favor, and White isn't making progress on the
king-side either.} 32. Qb3 Qb5 $6 (32... Nf8 $5 {rerouts the knight to a more
useful square. For example,} 33. Rxc7 Qxc7 34. Ne1 Qc1 35. Rd1 Qc3 36. Qxc3
Rxc3 {when Black should win a pawn and his pieces will be active, unlike
White's. Black would have good chances to win from this position.}) 33. Rxc7
Rxc7 34. Qb1 $2 {Letting Black call the shots on the queen-side.} ({A sample
alternative is} 34. Rc2 Rxc2 35. Qxc2 Qxb4 36. Qc7 Nxe4 37. Qxf7 Nxg3 38. Qxg6
Ne4 39. Qg4 Qb1+ 40. Kh2 Nf6 41. Qc8+ Kh7 42. Nh4 $1 Nxd5 43. Nf5 $1 Qb5 44. e4
Nf6 45. Nxd6 Qxa5 46. Qf5+ {=}) 34... Qc4 35. Rd1 $6 {White has their back
against a wall.} (35. Rb2 Qc3 36. Rb3) 35... Qc2 $2 {A serious positional
mistake. Exchanging the queens can only favor White! Now White can look up, as
Black's weak d6-pawn can become a beneficial factor in White's favor. One plan
for White is to infiltrate along the b-file, with Rb1 and b5, forcing a pawn
trade, followed by Rb6. Even though White loses his a-pawn in the process, he
gets more than sufficient compensation by winning d6 and having a strong,
passed d-pawn.} (35... Qb5 36. Nf5 Qd7 {and Black retains an edge.}) 36. Qxc2
Rxc2 37. Rb1 $1 Kg8 $6 (37... Rc7 38. b5 axb5 39. Rxb5 Ne7 {gives Black
chances to hold the position, albeit passively.}) 38. b5 $1 Ra2 39. bxa6 bxa6
40. Rb6 Rxa5 41. Rxd6 Kf8 $2 {\"Activating\" the king is correct in principle,
but here this walks into a crafty mating net, which actually turned out to not
even be the strongest idea for White!} (41... Ra3 {keeps the pressure on White
to prove his advantage, since Black will simply gobble up pawns or push his
own passer.} 42. Rd8+ Kh7 43. Kf2 Ra2+ 44. Kf1 a5 45. d6 a4 46. d7 a3 $1 47.
Rh8+ Nxh8 48. d8=Q Rb2 $1 {and, curiously, Black holds equality despite the
temporary material imbalance due to their advanced a-passer and the poor
position of White's king.}) 42. Nf5 (42. Rd8+ {is more precise, according to
the engines:} Ke7 43. Ra8 {makes pushing and queening Black's a-passer tougher,
while White will easily power their passer down the board at the same time.})
42... Ne7 $4 {Loses on the spot.} (42... Ra1+ {puts up a much stronger
resistance by Black:} 43. Kh2 Kg8 {(forced)} 44. Nxh6+ gxh6 45. Rxf6 Ra3 46. h4
Rxe3 47. h5 Nf8 48. Rxh6 Rxe4 49. Rxa6 {and White has winning chances, but no
guarantee of that result.} Rf4) 43. Rd8+ Ne8 44. d6 (44. Nd6 {is cleanest and
wins instantly. However, I had already seen and was set on queening the pawn
via d5-d6-d7-d8Q.}) 44... Nxf5 45. exf5 f6 (45... Rd5 46. d7 Rxd7 47. Rxd7 {
is the best Black can do. However, this is an elementary win for White as well.
}) 46. d7 Ke7 47. dxe8=Q# {I found this game very tough psychologically,
because I needed to win it in order to keep my lead in the standings and leave
it up to the final round. Also, my opponent found nice ideas at several
junctures which put me on a more defensive stance. I ended up drawing my
final-round game, which gave me a big enough lead to win the tournament and
thus be seeded into the prestigious 2023 WA Junior Closed!} 1-0